|
|
|
|
| LEADER |
00000nas a2200000 4500 |
| 001 |
vtls012284965 |
| 003 |
SK-MaSNL |
| 005 |
20260228164134.0 |
| 008 |
251008d18831920xo ar 000 b0hun |
| 015 |
|
|
|a SNBHFB
|
| 040 |
|
|
|a SNKHF
|b slo
|c SNKHF
|e rda
|
| 041 |
0 |
|
|a hun
|
| 044 |
|
|
|a xo
|c SK
|
| 072 |
|
7 |
|a 373.5/.6
|x Stredné školy
|2 konspekt
|
| 080 |
|
|
|a (051)-048.55
|2 2011
|
| 080 |
|
|
|a 373.5
|2 2011
|
| 245 |
0 |
2 |
|a A Pozsonyi Ágostai Hitvallásu Evang. Lyceum Értesitője Az ... Tanévről
|
| 264 |
|
3 |
|a Pozsonyi
|b Wigand F. K. Nyomdája
|c 1883-[1920]
|
| 300 |
|
|
|c 23 cm
|
| 310 |
|
|
|a 1x ročne
|
| 336 |
|
|
|a text
|b txt
|2 rdacontent
|
| 337 |
|
|
|a bez média
|b n
|2 rdamedia
|
| 338 |
|
|
|a zväzok
|b nc
|2 rdacarrierr
|
| 362 |
0 |
|
|a 1882/83-[1919/20] $z UKB/2025
|
| 500 |
|
|
|a Editor: 1882/83-1884/85, Michaelis Vilmos
|
| 500 |
|
|
|a Editor: 1900/1901, Markusovszky Sámuel
|
| 500 |
|
|
|a Súčasťou názvu je označenie školského roku
|
| 561 |
|
|
|a Proveniencia: Oválna pečiatka Gróf Zay Könyvtár.
|5 SNK ČSC 4293/1882/83, 1883/84, 1884/85, 1900/1901
|
| 650 |
0 |
7 |
|a stredné školy
|2 SNKPH
|9 1279
|
| 655 |
|
7 |
|a špecializované časopisy
|2 SNKPH
|9 70509
|
| 700 |
1 |
|
|a Markusovszky, Sámuel
|4 edt
|9 275367
|
| 700 |
1 |
|
|a Vilmos, Michaelis
|4 edt
|9 266868
|
| 700 |
1 |
|
|a Wigand, Karol Fridrich,
|d 1817-1890
|4 prt
|9 236404
|
| 752 |
|
|
|a Slovensko
|d Bratislava
|
| 780 |
0 |
0 |
|t Tudósitvány a Pozsonyi Ágostai Hitvallásu Evangelika Főiskoláról ... tanévben
|
| 785 |
0 |
0 |
|t Bratislavai Ágostai Hitv. Evangelikus Liceum értesitője az ... iskolai évről
|
| 852 |
|
|
|a snk
|b Zaiova knižnica: Zay 17104
|p ČSC 4293/1882/83
|
| 852 |
|
|
|a snk
|b Zaiova knižnica: Zay 17104
|p ČSC 4293/1883/84
|
| 852 |
|
|
|a snk
|b Zaiova knižnica: Zay 17104
|p ČSC 4293/1884/85
|
| 852 |
|
|
|a snk
|b Zaiova knižnica: Zay 17104
|p ČSC 4293/1900/1901
|
| 958 |
|
|
|a DF
|
| 999 |
|
|
|c 12401
|d 14331
|
| 952 |
|
|
|0 0
|1 0
|4 0
|7 0
|8 5
|a SNK
|b SNK
|c SNK_HF
|d 2025-10-08
|i snk2025/16017
|l 0
|o snkČSC 4293/1882/83
|p 17A1568954
|r 2026-02-21 22:34:38
|t Zay 17104
|w 2026-02-21
|y PREZ
|
| 952 |
|
|
|0 0
|1 0
|4 0
|7 0
|8 5
|a SNK
|b SNK
|c SNK_HF
|d 2025-10-08
|i snk2025/16018
|l 0
|o snkČSC 4293/1883/84
|p 17A1568955
|r 2026-02-21 22:34:38
|t Zay 17105
|w 2026-02-21
|y PREZ
|
| 952 |
|
|
|0 0
|1 0
|4 0
|7 0
|8 5
|a SNK
|b SNK
|c SNK_HF
|d 2025-10-08
|i snk2025/16020
|l 0
|o snkČSC 4293/1884/85
|p 17A1568956
|r 2026-02-21 22:34:38
|t Zay 17106
|w 2026-02-21
|y PREZ
|
| 952 |
|
|
|0 0
|1 0
|4 0
|7 0
|8 5
|a SNK
|b SNK
|c SNK_HF
|d 2025-10-08
|i snk2025/16021
|l 0
|o snkČSC 4293/1900/1901
|p 17A1568957
|r 2026-02-21 22:34:38
|t Zay 17107
|w 2026-02-21
|y PREZ
|